The money market

Spremljeno u:
Bibliografski detalji
Glavni autor: Stigum, Marcia L
Format: Knjiga
Izdano: Dow Jones-Irwin 1990
Oznake: Dodaj oznaku
Bez oznaka, Budi prvi tko označuje ovaj zapis!
Thư viện lưu trữ: Mạng thư viện Đại học Đà Nẵng
LEADER 00513nam a2200217 a 4500
001 000029416
003 12824
005 20171030145630.0
008 171030s1990
040 |a LTT 
082 0 |a 332.04  |b ST-M 
100 1 |a Stigum, Marcia L 
245 0 0 |a The money market  |c Marcia L. Stigum. 
260 |b Dow Jones-Irwin  |c 1990 
OWN |a LTT 
999 |a From the UDN01 
TYP |a Monograph 
TYP |a Printed language 
980 |a Mạng thư viện Đại học Đà Nẵng